[Event "Rilton Cup"]
[Site "Stockholm"]
[Date "1992.??.??"]
[Round "1"]
[White "Jonsson, Hans"]
[Black "Hector, Jonny"]
[Result "0-1"]
[WhiteElo "2305"]
[BlackElo "2535"]
[PlyCount "72"]
[EventDate "1992.??.??"]
[Source "ChessBase"]

1. e4 e5 2. Nf3 Nc6 3. Bb5 Bb4 4. O-O Nge7 5. d4 exd4 6. Nxd4 O-O 7. Nc3 d6 8.
Be3 Bc5 9. Re1 a6 10. Bf1 Bxd4 11. Bxd4 f5 12. f3 fxe4 13. Nxe4 Nxd4 14. Qxd4
Nf5 15. Qd2 c6 16. c3 d5 17. Ng3 Nxg3 18. hxg3 Qd6 19. f4 Bf5 20. Re3 Rad8 21.
Bd3 d4 22. Bc4+ Kh8 23. Qxd4 Qxd4 24. cxd4 Rxd4 25. Bb3 h5 26. Rae1 Rfd8 27.
Re8+ Rxe8 28. Rxe8+ Kh7 29. Bf7 Rd1+ 30. Kf2 Bg4 31. b4 Rd4 32. Re5 Rxb4 33. f5
Kh6 34. Ke3 Kg5 35. Bg6 Rb2 36. Re7 Re2+ 0-1

[Event "Rilton Cup"]
[Site "Stockholm"]
[Date "1992.??.??"]
[Round "7"]
[White "Cramling, Dan"]
[Black "Hector, Jonny"]
[Result "0-1"]
[WhiteElo "2435"]
[BlackElo "2535"]
[PlyCount "128"]
[EventDate "1992.??.??"]
[Source "ChessBase"]

1. c4 e6 2. Nc3 d5 3. d4 c6 4. Nf3 Nf6 5. Bg5 Qb6 6. Qc2 Ne4 7. Nxe4 dxe4 8. c5
Qc7 9. Qxe4 b6 10. cxb6 Qxb6 11. Qc2 Nd7 12. Bd2 c5 13. e3 Bb7 14. Be2 cxd4 15.
exd4 Bd6 16. O-O O-O 17. Ng5 Nf6 18. Bf3 Rfc8 19. Bc3 Bxf3 20. Nxf3 h6 21. Qd3
Nd5 22. Rab1 Nf4 23. Qe4 Qa6 24. Bd2 f5 25. Qe3 Ne2+ 26. Kh1 Bf4 27. Qb3 Bxd2
28. Nxd2 Nxd4 29. Qe3 Nc2 30. Qe5 Rd8 31. Nb3 Rd5 32. Qg3 Qxa2 33. Qc3 Rb8 34.
Nc5 Rc8 35. Qxc2 Rdxc5 36. Qd3 Qd5 37. Qa6 R8c7 38. Qa4 Qc6 39. Qh4 Kh7 40. Qf4
Rc4 41. Qe3 a5 42. h3 a4 43. Kg1 Rb7 44. Rfe1 Rb3 45. Qxe6 Qxe6 46. Rxe6 a3 47.
Ree1 Rxb2 48. Ra1 a2 49. g3 Rcc2 50. Rf1 Kg6 51. Kg2 Kf6 52. h4 g5 53. hxg5+
hxg5 54. Rae1 g4 55. Rd1 Ke5 56. Rfe1+ Re2 57. Rf1 Red2 58. Rc1 Kd4 59. Kg1
Rbc2 60. Rce1 Kc3 61. Re3+ Kb2 62. Re5 Rxf2 63. Rb5+ Kc3 64. Rxf2 a1=Q+ 0-1

[Event "Haninge"]
[Site "Haninge"]
[Date "1992.??.??"]
[Round "2"]
[White "Cifuentes Parada, Roberto"]
[Black "Hector, Jonny"]
[Result "0-1"]
[WhiteElo "2540"]
[BlackElo "2535"]
[PlyCount "76"]
[EventDate "1992.05.??"]
[Source "ChessBase"]

1. d4 d5 2. c4 c6 3. Nf3 Nf6 4. e3 Bf5 5. cxd5 cxd5 6. Qb3 Qc7 7. Bd2 e6 8.
Bb5+ Nc6 9. Bb4 Bd6 10. Qa3 Ne4 11. Nbd2 O-O 12. Bxc6 Qxc6 13. O-O Bxb4 14.
Qxb4 a5 15. Qa3 Nxd2 16. Nxd2 Rfc8 17. Nf3 b5 18. Ne5 Qc7 19. b3 b4 20. Qb2 f6
21. Rfc1 Qb7 22. Nf3 Ra6 23. a3 Rac6 24. axb4 axb4 25. Rxc6 Rxc6 26. Rc1 Qc8
27. Rxc6 Qxc6 28. h3 Qc3 29. Qa2 Qc1+ 30. Kh2 Qa3 31. Qe2 Qxb3 32. Qa6 h6 33.
g4 Qc2 34. Kg3 Be4 35. Qxe6+ Kh7 36. Nh4 b3 37. f3 b2 38. fxe4 Qxe4 0-1

[Event "Manila ol (Men)"]
[Site "Manila"]
[Date "1992.??.??"]
[Round "?"]
[White "Aguilar, Juan"]
[Black "Hector, Jonny"]
[Result "0-1"]
[WhiteElo "2315"]
[BlackElo "2535"]
[PlyCount "98"]
[EventDate "1992.06.??"]
[Source "ChessBase"]

1. d4 d5 2. Nf3 Nf6 3. e3 c6 4. Bd3 Bg4 5. O-O Nbd7 6. h3 Bh5 7. c4 e6 8. Nc3
Bg6 9. b3 Ne4 10. Bxe4 dxe4 11. Nd2 f5 12. f3 Bb4 13. Bb2 exf3 14. Nxf3 Qe7 15.
a3 Bd6 16. b4 O-O 17. Qe2 a5 18. c5 Bc7 19. e4 Nf6 20. e5 Nh5 21. Rfe1 Rad8 22.
Bc1 h6 23. Be3 Ng3 24. Qb2 Bh5 25. Nd2 Qh4 26. Bf2 Qg5 27. Ra2 f4 28. Nce4 Nxe4
29. Nxe4 Qg6 30. Qb3 a4 31. Qc3 Bd1 32. Rd2 Bb3 33. Bh4 Rd7 34. Qd3 Kh8 35. Nc3
Qh5 36. Bf2 f3 37. Bg3 fxg2 38. Kxg2 Rdf7 39. Re3 Bd8 40. Rf2 Rxf2+ 41. Bxf2
Bg5 42. Rg3 Qf7 43. Bg1 Bc1 44. b5 Bxa3 45. bxc6 bxc6 46. Nxa4 Bd5+ 47. Kh2 Bc1
48. Be3 Bxe3 49. Qxe3 Qf1 0-1

[Event "Manila ol (Men)"]
[Site "Manila"]
[Date "1992.??.??"]
[Round "?"]
[White "Hector, Jonny"]
[Black "Hulak, Krunoslav"]
[Result "0-1"]
[WhiteElo "2535"]
[BlackElo "2515"]
[PlyCount "129"]
[EventDate "1992.06.??"]
[Source "ChessBase"]

1. e4 c5 2. Nf3 d6 3. d4 cxd4 4. Nxd4 Nf6 5. Nc3 e6 6. g4 Nc6 7. g5 Nd7 8. Be3
Be7 9. Qh5 O-O 10. O-O-O g6 11. Qe2 Nxd4 12. Rxd4 e5 13. Rd1 Bxg5 14. Rxd6 Qe7
15. Rd2 Nb6 16. h4 Bxe3 17. Qxe3 Be6 18. h5 Rfd8 19. hxg6 fxg6 20. f4 Rxd2 21.
Qxd2 exf4 22. Qxf4 Rf8 23. Qh2 Rf7 24. Bh3 Bxh3 25. Qxh3 Qf6 26. Rd1 Qf4+ 27.
Kb1 Qe5 28. Qh6 Rf8 29. a3 Qf4 30. Qh3 h5 31. Rg1 Kh7 32. Qg2 Rg8 33. e5 Qxe5
34. Qxb7+ Rg7 35. Qc6 Kh6 36. Qf3 Nc4 37. Qf8 Kh7 38. Qc8 Rc7 39. Qa6 Qd6 40.
Qb5 Nxa3+ 41. bxa3 Rxc3 42. Qf1 Qb6+ 43. Kc1 Qb3 44. Qg2 Rxc2+ 45. Qxc2 Qe3+
46. Kb2 Qxg1 47. Qc7+ Kh6 48. Qf4+ Kg7 49. Qe5+ Kf7 50. Qf4+ Ke6 51. Qe4+ Kd6
52. Qf4+ Kd5 53. Kc3 Qc5+ 54. Kb3 Ke6 55. Qe4+ Kf6 56. Qf4+ Kg7 57. Qe4 Qb5+
58. Ka2 Qc5 59. Qb7+ Kh6 60. Qf3 a5 61. Qf4+ Kg7 62. Qd2 h4 63. Qf4 g5 64. Qf3
Qc4+ 65. Kb2 0-1

[Event "Manila ol (Men)"]
[Site "Manila"]
[Date "1992.??.??"]
[Round "?"]
[White "Santo Roman, Marc"]
[Black "Hector, Jonny"]
[Result "0-1"]
[WhiteElo "2495"]
[BlackElo "2535"]
[PlyCount "76"]
[EventDate "1992.06.??"]
[Source "ChessBase"]

1. e4 e5 2. Nf3 Nc6 3. Nc3 Nf6 4. d4 Bb4 5. d5 Ne7 6. Nxe5 d6 7. Nf3 Nxe4 8.
Qd4 Bxc3+ 9. bxc3 Nf6 10. c4 O-O 11. Be2 Nf5 12. Qd1 Ne4 13. Bb2 Nc5 14. Rb1
Nh4 15. Nxh4 Qxh4 16. O-O Bf5 17. Qd2 Rfe8 18. Rbe1 h6 19. Bd3 Qh5 20. Re3 Rxe3
21. fxe3 Be4 22. Bd4 Qg6 23. Rf3 Qh5 24. Rf4 Bg6 25. h4 Bxd3 26. cxd3 b6 27. e4
f6 28. Bf2 Re8 29. Rf3 Nd7 30. Qf4 Ne5 31. Rg3 Qd1+ 32. Kh2 h5 33. Bg1 Ng4+ 34.
Kh1 Qe1 35. Rf3 g6 36. g3 Qe2 37. Bf2 Qf1+ 38. Bg1 Qh3+ 0-1

[Event "Komotini op"]
[Site "Komotini"]
[Date "1992.??.??"]
[Round "?"]
[White "Delithanasis, Dimitrios"]
[Black "Hector, Jonny"]
[Result "0-1"]
[WhiteElo "2215"]
[BlackElo "2535"]
[PlyCount "84"]
[EventDate "1992.08.??"]
[Source "ChessBase"]

1. d4 d5 2. Nf3 Nf6 3. e3 Bf5 4. Bd3 e6 5. O-O c6 6. b3 Nbd7 7. Bb2 Be7 8. Ne5
O-O 9. Nd2 Qc7 10. f4 Nxe5 11. Bxf5 Nf3+ 12. gxf3 exf5 13. Kh1 Rfe8 14. Rg1 Bf8
15. Qe1 g6 16. Nf1 Bg7 17. Qd2 Nh5 18. Rc1 Re6 19. c4 Qd7 20. c5 Rae8 21. Rc2
Qe7 22. Bc1 Qh4 23. Qf2 Qxf2 24. Rxf2 Nxf4 25. exf4 Bxd4 26. Rgg2 Re1 27. Bd2
Ra1 28. h4 Bxf2 29. Rxf2 Rxa2 30. b4 f6 31. Kg2 Kf7 32. Be3 Ra3 33. Bd2 b6 34.
Ng3 bxc5 35. bxc5 Ra2 36. Be3 Rxf2+ 37. Kxf2 a5 38. Ne2 a4 39. Bc1 Rb8 40. Ke1
Rb5 41. Be3 a3 42. Nc1 Rb1 0-1

[Event "Sweden TV Cup"]
[Site "Sweden"]
[Date "1993.??.??"]
[Round "?"]
[White "Cramling, Pia"]
[Black "Hector, Jonny"]
[Result "0-1"]
[WhiteElo "2525"]
[BlackElo "2470"]
[PlyCount "84"]
[EventDate "1993.??.??"]
[Source "ChessBase"]

1. d4 d5 2. c4 c6 3. Nf3 e6 4. Nc3 dxc4 5. a4 Bb4 6. e4 b5 7. Bg5 Qb6 8. Be2
Nf6 9. Bxf6 gxf6 10. O-O Bb7 11. Re1 a6 12. Bf1 Nd7 13. d5 O-O-O 14. dxc6 Bxc6
15. axb5 axb5 16. Qc1 Kb7 17. Qf4 Bc5 18. Re2 Qc7 19. Qh4 h5 20. h3 Rh6 21. Rc2
Ne5 22. Qf4 Rg6 23. Nh4 Rgg8 24. b3 cxb3 25. Rb2 Nd3 26. Qxc7+ Kxc7 27. Rxb3
Bxf2+ 28. Kh2 Bxh4 29. Nxb5+ Bxb5 30. Rxb5 Bg3+ 31. Kh1 Ra8 32. Rab1 Nf2+ 33.
Kg1 Rgb8 34. Rc1+ Kd6 35. Rxh5 Nxe4 36. Bd3 f5 37. Rh7 Ra7 38. Rf1 Rb2 39. h4
Raa2 40. Rd1 Rxg2+ 41. Kf1 Raf2+ 42. Ke1 Rf3# 0-1

[Event "Aarhus"]
[Site "Aarhus"]
[Date "1993.??.??"]
[Round "3"]
[White "Sher, Miron N"]
[Black "Hector, Jonny"]
[Result "0-1"]
[WhiteElo "2500"]
[BlackElo "2470"]
[PlyCount "64"]
[EventDate "1993.01.??"]
[Source "ChessBase"]

1. g3 d5 2. Bg2 e5 3. d3 Nc6 4. Nd2 Be6 5. e4 dxe4 6. dxe4 Qd7 7. c3 O-O-O 8.
Qe2 g5 9. Ngf3 f6 10. O-O h5 11. Nc4 h4 12. Be3 Qd3 13. Qxd3 Rxd3 14. Ncd2 hxg3
15. hxg3 Nh6 16. Nh2 Be7 17. Rfe1 Ng4 18. Nxg4 Bxg4 19. Nb3 a5 20. f3 Bh5 21.
Rad1 Rxe3 22. Rxe3 a4 23. Nd2 Bc5 24. Kf2 Bf7 25. a3 Na5 26. Rde1 Bc4 27. Bf1
Rh2+ 28. Bg2 Ba6 29. g4 Rh8 30. Kg3 Bxe3 31. Rxe3 Rd8 32. Nf1 Nc4 0-1

[Event "Aarhus"]
[Site "Aarhus"]
[Date "1993.??.??"]
[Round "5"]
[White "Fries Nielsen, Jens Ove"]
[Black "Hector, Jonny"]
[Result "0-1"]
[WhiteElo "2400"]
[BlackElo "2470"]
[PlyCount "88"]
[EventDate "1993.01.??"]
[Source "ChessBase"]

1. c4 c6 2. d4 d5 3. Nc3 e5 4. dxe5 d4 5. Ne4 Qa5+ 6. Bd2 Qxe5 7. Ng3 c5 8. Nf3
Qe7 9. e3 g5 10. Be2 g4 11. Nxd4 cxd4 12. exd4 h5 13. O-O Bg7 14. Re1 Bxd4 15.
Bd3 Be6 16. Nf5 Bxf5 17. Bxf5 Be5 18. Qa4+ Nc6 19. Rxe5 Qxe5 20. Re1 Qxe1+ 21.
Bxe1 Nge7 22. Bc3 Rh6 23. Qc2 Rd6 24. h3 Nd4 25. Bxd4 Rxd4 26. hxg4 hxg4 27. g3
Kf8 28. Be4 Rc8 29. b3 b6 30. Bg2 Rc5 31. Qh7 Rd1+ 32. Bf1 Ng6 33. Qh6+ Ke7 34.
Kg2 Re5 35. b4 Ree1 36. Qg5+ Kf8 37. Qxg4 Rxf1 38. Qc8+ Kg7 39. Qc7 Rde1 40. c5
Rg1+ 41. Kf3 Ne5+ 42. Kf4 Rgf1 43. c6 Rxf2+ 44. Kg5 Re4 0-1

[Event "Aarhus"]
[Site "Aarhus"]
[Date "1993.??.??"]
[Round "7"]
[White "Berg, Klaus"]
[Black "Hector, Jonny"]
[Result "0-1"]
[WhiteElo "2395"]
[BlackElo "2470"]
[PlyCount "56"]
[EventDate "1993.01.??"]
[Source "ChessBase"]

1. c4 e6 2. d4 d5 3. Nc3 c6 4. e4 dxe4 5. Nxe4 Bb4+ 6. Bd2 Qxd4 7. Bxb4 Qxe4+
8. Ne2 Na6 9. Bc3 Ne7 10. Bxg7 Nb4 11. Bxh8 e5 12. Qd6 Nc2+ 13. Kd2 Bf5 14. Rd1
Rd8 15. Qxd8+ Kxd8 16. Ng3 Qf4+ 17. Kc3+ Nd5+ 18. Kb3 Nd4+ 19. Rxd4 Qxd4 20.
cxd5 Bd3 21. a4 Qxd5+ 22. Kc3 Qd4+ 23. Kb3 Qc4+ 24. Ka3 b5 25. axb5 cxb5 26. b4
Qc1+ 27. Kb3 Bc2+ 28. Kc3 Bb1+ 0-1

[Event "Aarhus"]
[Site "Aarhus"]
[Date "1993.??.??"]
[Round "9"]
[White "Pedersen, Erik"]
[Black "Hector, Jonny"]
[Result "0-1"]
[WhiteElo "2410"]
[BlackElo "2470"]
[PlyCount "70"]
[EventDate "1993.01.??"]
[Source "ChessBase"]

1. d4 d5 2. Nf3 Nf6 3. c4 c6 4. cxd5 cxd5 5. Nc3 Nc6 6. Bf4 Bf5 7. e3 e6 8. Ne5
Nxe5 9. Bxe5 Nd7 10. Qb3 Nxe5 11. dxe5 Be7 12. Bb5+ Kf8 13. O-O a6 14. Be2 b5
15. Bf3 Qc7 16. e4 dxe4 17. Nxe4 Qxe5 18. Ng3 Rd8 19. Rfe1 Qf6 20. Rad1 Rxd1
21. Rxd1 g6 22. Bb7 Kg7 23. Bxa6 b4 24. Nxf5+ Qxf5 25. Bd3 Qe5 26. Qc2 Ra8 27.
Bc4 h5 28. g3 h4 29. Bb3 hxg3 30. hxg3 Rh8 31. Qc6 Bc5 32. Qf3 Rh5 33. Bc2 Qxb2
34. Bxg6 Kxg6 35. Qg4+ Rg5 0-1

[Event "Jyvaskyla op"]
[Site "Jyvaskyla"]
[Date "1993.??.??"]
[Round "1"]
[White "Staflin, Soren"]
[Black "Hector, Jonny"]
[Result "0-1"]
[WhiteElo "2020"]
[BlackElo "2500"]
[PlyCount "96"]
[EventDate "1993.07.??"]
[Source "ChessBase"]

1. d4 d5 2. Nf3 Nf6 3. c4 c6 4. cxd5 cxd5 5. Nc3 Nc6 6. Bf4 Bf5 7. Qb3 Na5 8.
Qa4+ Bd7 9. Qd1 Qb6 10. Qc2 Rc8 11. e3 e6 12. Bd3 Bb4 13. O-O Bxc3 14. bxc3 Qc6
15. Rfc1 Qa4 16. Qb2 O-O 17. Ne5 a6 18. Rab1 Bc6 19. Qe2 Nd7 20. Nxd7 Bxd7 21.
Bd6 Rfe8 22. Qh5 f5 23. g4 Qc6 24. Be5 Rf8 25. h4 Nc4 26. gxf5 exf5 27. Bxc4
dxc4 28. Qg5 Rf7 29. Kh2 Qf3 30. Rg1 f4 31. Qg2 Qxg2+ 32. Rxg2 fxe3 33. fxe3
Bc6 34. Re2 Be4 35. Rg1 Rcf8 36. Bf4 Rf5 37. Rg5 h6 38. Rxf5 Rxf5 39. Rb2 Kf7
40. Rb6 Ra5 41. Rb2 Ra3 42. Rf2 Kg8 43. Be5 Rxc3 44. d5 Rxe3 45. d6 Bc6 46. Bd4
Re4 47. Bc3 Rxh4+ 48. Kg3 Re4 0-1

[Event "Jyvaskyla op"]
[Site "Jyvaskyla"]
[Date "1993.??.??"]
[Round "5"]
[White "Manninen, Marko"]
[Black "Hector, Jonny"]
[Result "0-1"]
[WhiteElo "2355"]
[BlackElo "2500"]
[PlyCount "38"]
[EventDate "1993.07.??"]
[Source "ChessBase"]

1. d4 d5 2. c4 c6 3. Nc3 e6 4. e4 dxe4 5. Nxe4 Bb4+ 6. Bd2 Qxd4 7. Bxb4 Qxe4+
8. Ne2 Na6 9. Bf8 Ne7 10. Bxg7 Nb4 11. Bxh8 e5 12. f3 Nc2+ 13. Qxc2 Qxc2 14.
Bxe5 Qxc4 15. a3 Bf5 16. Rd1 Rd8 17. Nd4 Qd5 18. Bf6 Rd6 19. Bxe7 Qe5+ 0-1

[Event "Berliner Sommer"]
[Site "Berlin"]
[Date "1993.??.??"]
[Round "1"]
[White "Lieb, Harald"]
[Black "Hector, Jonny"]
[Result "0-1"]
[WhiteElo "2295"]
[BlackElo "2500"]
[PlyCount "50"]
[EventDate "1993.08.??"]
[Source "ChessBase"]

1. d4 d5 2. Nf3 Nf6 3. c4 c6 4. cxd5 cxd5 5. Nc3 Nc6 6. Bf4 Bf5 7. e3 e6 8. Qb3
Bb4 9. Bb5 O-O 10. Bxc6 Bxc3+ 11. bxc3 bxc6 12. O-O Ne4 13. Rfc1 g5 14. Bg3 h5
15. h3 Nxg3 16. fxg3 Qd6 17. g4 hxg4 18. hxg4 Bxg4 19. Ne5 Bf5 20. Qb4 Qc7 21.
Qc5 Rac8 22. c4 f6 23. Nf3 Qg3 24. Rc3 Be4 25. Rf1 Bxf3 0-1

[Event "Farum op"]
[Site "Farum"]
[Date "1993.??.??"]
[Round "6"]
[White "Hector, Jonny"]
[Black "Danielsen, Henrik"]
[Result "0-1"]
[WhiteElo "2500"]
[BlackElo "2445"]
[PlyCount "100"]
[EventDate "1993.10.??"]
[Source "ChessBase"]

1. e4 c6 2. d4 d5 3. Nd2 dxe4 4. Nxe4 Bf5 5. Ng3 Bg6 6. Nf3 Nd7 7. Be2 e6 8.
O-O Bd6 9. b3 Ngf6 10. c4 O-O 11. Bb2 Qc7 12. Nh4 Rfe8 13. Nxg6 hxg6 14. Qc2 a5
15. Rfe1 a4 16. bxa4 Qa5 17. Ne4 Nxe4 18. Qxe4 Qxa4 19. Bd3 Ba3 20. Bc3 Nf6 21.
Qe3 b5 22. Qe2 bxc4 23. Bxc4 Nd5 24. Bd2 Bb2 25. Rab1 Bxd4 26. Rb7 Rab8 27. Bb3
Qa8 28. Rxb8 Rxb8 29. Be3 Bxe3 30. fxe3 Qa7 31. Kh1 Qc5 32. Qd2 Qb4 33. Qf2 Qe4
34. h3 Rd8 35. Rd1 Rc8 36. Rf1 Rc7 37. Qg3 Rc8 38. Qf2 Nf6 39. Qd2 c5 40. Rf4
Qe5 41. Qd3 g5 42. Rc4 g4 43. Rf4 g5 44. Rf1 Kg7 45. Bc2 Rh8 46. e4 gxh3 47. g3
c4 48. Qe3 Rb8 49. a4 Rb2 50. Rc1 Ng4 0-1

[Event "Wichern op"]
[Site "Hamburg"]
[Date "1993.??.??"]
[Round "2"]
[White "Kaminik, Aleksandar"]
[Black "Hector, Jonny"]
[Result "0-1"]
[WhiteElo "2200"]
[BlackElo "2500"]
[PlyCount "108"]
[EventDate "1993.10.??"]
[Source "ChessBase"]

1. d4 d5 2. c4 c6 3. cxd5 cxd5 4. Nf3 Nf6 5. Nc3 Nc6 6. Bf4 Bf5 7. e3 e6 8. Bb5
Nd7 9. Qa4 Rc8 10. O-O a6 11. Bxc6 Rxc6 12. Rfc1 Be7 13. Ne2 Qb6 14. Rxc6 bxc6
15. Qb3 f6 16. Rc1 Qxb3 17. axb3 Bd3 18. Nc3 O-O 19. Ne1 Bg6 20. Na4 e5 21. Bg3
Rc8 22. Kf1 Kf7 23. Ke2 exd4 24. exd4 Bb4 25. Nc3 Re8+ 26. Kd2 c5 27. Nd3 Bxd3
28. Kxd3 cxd4 29. Na4 Re4 30. f3 Ne5+ 31. Bxe5 Rxe5 32. Rc2 Re1 33. Re2 Rxe2
34. Kxe2 Ke6 35. Kd3 Ke5 36. f4+ Kxf4 37. Kxd4 a5 38. Nb6 Kg5 39. Kxd5 f5 40.
Ke5 Bd2 41. Nc4 Bf4+ 42. Ke6 Bxh2 43. Nxa5 f4 44. Kd5 f3 45. gxf3 Kf4 46. b4 h5
47. b5 h4 48. b6 h3 49. b7 Kxf3 50. Nc6 Bc7 51. b8=Q Bxb8 52. Nxb8 h2 53. b4
h1=Q 54. Nc6 Kf4+ 0-1

[Event "BL2-N 9495"]
[Site "Germany"]
[Date "1995.??.??"]
[Round "?"]
[White "Hector, Jonny"]
[Black "Borik, Otto"]
[Result "0-1"]
[WhiteElo "2530"]
[BlackElo "2415"]
[PlyCount "94"]
[EventDate "1994.??.??"]
[Source "ChessBase"]

1. e4 c5 2. Nf3 d6 3. d4 cxd4 4. Nxd4 Nf6 5. Nc3 Nc6 6. f4 e5 7. Nf3 Be7 8. Bc4
O-O 9. f5 a6 10. a3 b5 11. Bd5 Bb7 12. O-O b4 13. Na4 bxa3 14. Rxa3 Nxd5 15.
exd5 Nb4 16. c4 Rc8 17. Qb3 a5 18. Be3 Ba6 19. Bb6 Qd7 20. Bxa5 Bxc4 21. Qxb4
Bxf1 22. Kxf1 Rc1+ 23. Ne1 Qxf5+ 24. Rf3 Qh5 25. Bb6 Rb8 26. Qe4 g6 27. Ba7 f5
28. Qe2 Ra8 29. Be3 Rxe1+ 30. Qxe1 Rxa4 31. Qc1 Qh4 32. b3 Ra8 33. Qc6 Ra1+ 34.
Bc1 Bg5 35. Qc8+ Kg7 36. Qd7+ Be7 37. Qc7 Kf7 38. Qc8 Qg5 39. Rc3 Qf4+ 40. Ke1
Qe4+ 41. Kf1 Qxd5 42. Rc2 Qxb3 43. h3 f4 44. Kg1 Ra2 45. Rc7 Qd5 46. Qg4 h5 47.
Qg5 Qc5+ 0-1

[Event "BL2-N 9495"]
[Site "Germany"]
[Date "1995.??.??"]
[Round "?"]
[White "Murdzia, Piotr"]
[Black "Hector, Jonny"]
[Result "0-1"]
[WhiteElo "2455"]
[BlackElo "2540"]
[PlyCount "69"]
[EventDate "1994.??.??"]
[Source "ChessBase"]

1. d4 d5 2. c4 c6 3. e3 Bf5 4. cxd5 cxd5 5. Nc3 e6 6. Qb3 Qc7 7. Bd2 Nc6 8. Nf3
Nf6 9. Be2 a6 10. O-O Bd6 11. Rfc1 O-O 12. Qd1 Ne4 13. h3 Qe7 14. a3 Bg6 15.
Nxe4 dxe4 16. Nh2 f5 17. f4 exf3 18. Nxf3 e5 19. dxe5 Nxe5 20. Nd4 Kh8 21. Rc3
Rad8 22. Qe1 Nf7 23. Bd3 Ng5 24. Qh4 Be5 25. Kh1 Bf6 26. Qg3 Ne6 27. Re1 Qd7
28. Bb1 f4 29. Qg4 fxe3 30. Nxe6 exd2 31. Rd1 Bxb1 32. Rc7 Qxc7 33. Nxc7 Bc2
34. Rxd2 Rxd2 35. Qf4 0-1

[Event "Gothenburg op 30' "]
[Site "Gothenburg"]
[Date "1994.??.??"]
[Round "2"]
[White "Backlund, Anders"]
[Black "Hector, Jonny"]
[Result "0-1"]
[WhiteElo "2130"]
[BlackElo "2515"]
[PlyCount "68"]
[EventDate "1994.??.??"]
[Source "ChessBase"]

1. e4 e5 2. Nf3 Nc6 3. Bb5 Bc5 4. O-O Nd4 5. Nxd4 exd4 6. d3 c6 7. Ba4 Ne7 8.
f4 f5 9. Bb3 d5 10. Nd2 Be6 11. e5 Bf7 12. Kh1 Qd7 13. Qe1 Bh5 14. c3 h6 15.
Bd1 Bxd1 16. Qxd1 Bb6 17. cxd4 Bxd4 18. Nf3 Bb6 19. d4 O-O-O 20. b4 a6 21. a4
Kb8 22. Qd3 Nc8 23. Be3 Na7 24. Rab1 Rdf8 25. Nd2 Rhg8 26. Nb3 g5 27. Rb2 Qe7
28. Nc5 gxf4 29. Bxf4 Ka8 30. b5 Bxc5 31. dxc5 Qxc5 32. bxa6 b5 33. Rc1 Qb6 34.
Be3 d4 0-1

[Event "Gothenburg op 30' "]
[Site "Gothenburg"]
[Date "1994.??.??"]
[Round "3"]
[White "Hector, Jonny"]
[Black "Petkevich, Jusefs"]
[Result "0-1"]
[WhiteElo "2515"]
[BlackElo "2445"]
[PlyCount "50"]
[EventDate "1994.??.??"]
[Source "ChessBase"]

1. e4 c5 2. Nf3 e6 3. d4 cxd4 4. Nxd4 a6 5. Nc3 Qc7 6. f4 b5 7. Bd3 Bb7 8. Nf3
b4 9. Nb1 Nf6 10. Qe2 Bc5 11. Nbd2 d6 12. Nb3 Nbd7 13. Bd2 O-O 14. g4 d5 15. e5
Ne4 16. g5 Rfc8 17. Nbd4 Nb6 18. b3 Nd7 19. Be3 Nf8 20. O-O Qb6 21. Kh1 Ng6 22.
Rad1 Nc3 23. Qf2 Nxd1 24. Rxd1 a5 25. h4 Ba6 0-1

[Event "Geneve op"]
[Site "Geneve"]
[Date "1994.??.??"]
[Round "2"]
[White "Horn, Pascal"]
[Black "Hector, Jonny"]
[Result "0-1"]
[WhiteElo "2280"]
[BlackElo "2515"]
[PlyCount "65"]
[EventDate "1994.01.??"]
[Source "ChessBase"]

1. e4 e5 2. Nc3 Nf6 3. g3 Bc5 4. Bg2 Nc6 5. h3 d5 6. exd5 Nb4 7. Nge2 Bf5 8. d3
Nfxd5 9. a3 Nxc3 10. bxc3 Nc6 11. Rb1 Qd7 12. Rb5 Bb6 13. Be3 O-O-O 14. a4 h5
15. Qa1 Be6 16. a5 Bxe3 17. fxe3 a6 18. Rc5 Qe7 19. d4 Bd7 20. Qc1 Rde8 21. Qd2
Rh6 22. Bxc6 Bxc6 23. Rxe5 Qxe5 24. dxe5 Bxh1 25. Nf4 Rxe5 26. c4 Rh8 27. Nd3
Re7 28. Kf2 Rhe8 29. Qd1 Bc6 30. Qxh5 Rxe3 31. Qf5+ Kb8 32. Nb4 Rf3+ 33. Kg1
0-1

[Event "Geneve op"]
[Site "Geneve"]
[Date "1994.??.??"]
[Round "5"]
[White "Olivier, Jean Christophe"]
[Black "Hector, Jonny"]
[Result "0-1"]
[WhiteElo "2230"]
[BlackElo "2515"]
[PlyCount "68"]
[EventDate "1994.01.??"]
[Source "ChessBase"]

1. e4 e5 2. Nf3 Nc6 3. Bb5 Bc5 4. c3 Bb6 5. O-O Nf6 6. d4 Nxe4 7. Re1 f5 8.
Nbd2 O-O 9. Nxe4 fxe4 10. Bg5 Qe8 11. Rxe4 Qg6 12. Bd3 d5 13. Rxe5 Qh5 14. Rxd5
Be6 15. Rb5 a6 16. Rxb6 cxb6 17. Be3 h6 18. Ne5 Qe8 19. Bg6 Qe7 20. f4 b5 21.
a3 Bf5 22. Qb3+ Kh8 23. Bxf5 Nxe5 24. fxe5 Rxf5 25. Qd5 Raf8 26. h3 Qh4 27. Kh2
Rf1 28. Rxf1 Rxf1 29. Qxb7 Qe1 30. Qa8+ Kh7 31. Qe4+ Kh8 32. g4 Rf2+ 33. Kg3 g5
34. Bxf2 Qxe4 0-1

[Event "Geneve op"]
[Site "Geneve"]
[Date "1994.??.??"]
[Round "8"]
[White "Kohlweyer, Bernd"]
[Black "Hector, Jonny"]
[Result "0-1"]
[WhiteElo "2450"]
[BlackElo "2515"]
[PlyCount "116"]
[EventDate "1994.01.??"]
[Source "ChessBase"]

1. d4 d5 2. c4 c6 3. Nf3 Nf6 4. Nc3 e6 5. Bg5 dxc4 6. e4 b5 7. e5 h6 8. Bh4 g5
9. Nxg5 hxg5 10. Bxg5 Nbd7 11. exf6 Bb7 12. g3 c5 13. d5 Bh6 14. Bxh6 Rxh6 15.
Qd2 Qxf6 16. O-O-O Kf8 17. f3 exd5 18. Nxd5 Qd6 19. Nc7 Qxd2+ 20. Rxd2 Rc8 21.
Nxb5 Ne5 22. Be2 Bxf3 23. Bxf3 Nxf3 24. Rd5 Re6 25. Rf1 Ne5 26. Nd6 Rc7 27. Nf5
Kg8 28. Kd2 Nd3 29. Rd8+ Kh7 30. Nd6 Ne5 31. Rf4 Rh6 32. Nxc4 Rxh2+ 33. Kc3 Nc6
34. Rd2 Rh3 35. Rh4+ Rxh4 36. gxh4 Nd4 37. Rf2 f5 38. Nd2 Kg6 39. Kc4 Rh7 40.
Rh2 Ne6 41. Nf3 f4 42. Re2 Nd4 43. Nxd4 cxd4 44. Kxd4 Kf5 45. Re5+ Kg4 46. Kd3
Kf3 47. h5 Rd7+ 48. Kc2 Kg4 49. h6 f3 50. Re8 f2 51. Rf8 Kg3 52. b4 Rh7 53.
Rg8+ Kf3 54. Rf8+ Ke2 55. Re8+ Kf1 56. Re6 Rf7 57. Kd2 Kg2 58. Rg6+ Kf3 0-1

[Event "Oslo op"]
[Site "Oslo"]
[Date "1994.??.??"]
[Round "1"]
[White "Myrvold, Torben"]
[Black "Hector, Jonny"]
[Result "0-1"]
[WhiteElo "2305"]
[BlackElo "2515"]
[PlyCount "100"]
[EventDate "1994.03.??"]
[Source "ChessBase"]

1. e4 e5 2. Nf3 Nc6 3. Bc4 Nf6 4. d3 Bc5 5. Be3 Bb6 6. O-O d6 7. Bxb6 axb6 8.
Nbd2 O-O 9. c3 Kh8 10. Re1 Ng4 11. h3 Nh6 12. d4 f6 13. Nf1 Ne7 14. Ne3 Ng6 15.
Qd2 Bd7 16. Bf1 Re8 17. Qc2 Bc6 18. d5 Bd7 19. Kh2 Rf8 20. a3 f5 21. exf5 Nxf5
22. Nxf5 Bxf5 23. Bd3 Bxd3 24. Qxd3 Nf4 25. Qe4 b5 26. c4 bxc4 27. Qxc4 Ra5 28.
Rad1 Rc5 29. Qe4 b5 30. Rc1 Rxc1 31. Rxc1 Qe7 32. Rc3 Qf7 33. Ng5 Qg8 34. Rxc7
Nxd5 35. Rb7 Nf6 36. Qh4 Qd5 37. Re7 Kg8 38. Rc7 h6 39. Nf3 e4 40. Ne1 Qd2 41.
Nc2 d5 42. Ne3 Qxb2 43. Qg3 Nh5 44. Qd6 Qxf2 45. Nxd5 Kh7 46. Qe5 Rf5 47. Qxe4
Qg3+ 48. Kg1 Qg6 49. Kh2 Qd6+ 50. Kg1 Qxd5 0-1

[Event "Oslo op"]
[Site "Oslo"]
[Date "1994.??.??"]
[Round "9"]
[White "Schmittdiel, Eckhard"]
[Black "Hector, Jonny"]
[Result "0-1"]
[WhiteElo "2450"]
[BlackElo "2515"]
[PlyCount "106"]
[EventDate "1994.03.??"]
[Source "ChessBase"]

1. e4 e5 2. Nf3 Nc6 3. Bb5 a6 4. Ba4 Nf6 5. O-O Be7 6. Bxc6 dxc6 7. Nc3 Bg4 8.
h3 Bh5 9. d3 Qd6 10. Ne2 Bxf3 11. gxf3 O-O-O 12. Ng3 g6 13. Bh6 Nd7 14. Qd2 Qf6
15. Kg2 g5 16. Nf5 Rhg8 17. h4 gxh4+ 18. Kh3 Nc5 19. Rg1 Ne6 20. Rg4 Rg6 21.
Rag1 Rdg8 22. f4 exf4 23. Bxf4 Rxg4 24. Rxg4 Rxg4 25. Kxg4 Bd8 26. Qc1 Qg6+ 27.
Kh3 h5 28. f3 Kb8 29. Be3 Ng7 30. Qg1 Nxf5 31. Qxg6 fxg6 32. exf5 gxf5 33. Bf2
Bf6 34. b3 Kc8 35. Bxh4 Bc3 36. Bg5 Be1 37. Bf4 Kd7 38. Bg3 Bxg3 39. Kxg3 Ke6
40. Kh4 Ke5 41. Kxh5 Kf4 42. Kg6 c5 43. Kf6 a5 44. Ke6 b5 45. c4 b4 46. Kd5
Kxf3 47. Kxc5 f4 48. d4 Ke4 49. d5 f3 50. Kc6 f2 51. Kxc7 f1=Q 52. d6 Qf2 53.
Kc6 Qxa2 0-1